Info ou intox? (mort-subite) #1 - Statistiques

Statistiques générales
  • Ce quiz a été pris 132 fois
    130 depuis la dernière actualisation
  • Le résultat moyen est 8 sur 16
Answers on the Grid
Answers color-coded by a green-red scale on the quiz's grid according to % correct below.
La nature est artificielle.
Le plastique est très cher en France.
Minecraft est un jeu célèbre.
Les canapé viennent de la Chine.
La glace est froide.
L'Algérie est un pays musulmans.
Samsung est une marque coréenne
La chine est un pays Juif
"🤣" signifie "LA MORT"
Les pommes viennent d'un arbre.
La Grèce est en Europe.
La Turquie à du territoire dans l'Europe et l'Asie.
La baguette viens d'Allemagne.
Istanbul est une capitale.
Mr Beast est un joueur de football.
Pluie est un synonyme de Parapluie.
Para est un préfixe.
Les terminaisons sont tous les même.
L'IA à été inventé y a plus de 100 ans.
L'Asie est le continent le plus peuplé.
Apple et Samsung sont des Rivaux.
Le Brésil à appartenu à l'Espagne autrefois.
L'écriture date de plus de 5000 ans.
La première écriture est apparu en 3300 avant J.C
1=1+0,0
En anglais le mot "salut" n'existe pas.
Les enfants en Chine doivent travailler. (Travaille
à +18 ans dans d'autres pays)
Les permis sont indispensables pour conduire.
La Tunisie contient plus de 99% de Musulmans.
Les pilotes peuvent faire un tour pour le plaisir avec un avion vide
(aucun passager à bord).
 
Statistiques - réponses
Réponse % Correct
La Grèce est en Europe.
66%
Les pommes viennent d'un arbre.
64%
1=1+0,0
63%
Minecraft est un jeu célèbre.
63%
Apple et Samsung sont des Rivaux.
62%
Para est un préfixe.
62%
La Turquie à du territoire dans l'Europe et l'Asie.
61%
La glace est froide.
58%
L'Algérie est un pays musulmans.
57%
L'Asie est le continent le plus peuplé.
57%
Les permis sont indispensables pour conduire.
51%
Samsung est une marque coréenne
45%
L'écriture date de plus de 5000 ans.
36%
La première écriture est apparu en 3300 avant J.C
28%
La Tunisie contient plus de 99% de Musulmans.
28%
Istanbul est une capitale.
17%
Aucun quiz correspondant
Distribution des résultats
% des personnes avec chaque résultat
Percentile par nombre de réponses
Votre historique - résultats
Vous n’avez pas pris ce quiz depuis la dernière actualisation